[Event "HUN-chT2 Breyer 1617"]
[Site "Hungary"]
[Date "2017.02.12"]
[Round "6.3"]
[White "Sebestyen, Gabor"]
[Black "Gal, Lajos"]
[Result "1-0"]
[WhiteElo "2189"]
[BlackElo "1942"]
[PlyCount "65"]
[EventDate "2016.10.30"]
[EventType "team-tourn"]
[EventRounds "9"]
[EventCountry "HUN"]
[SourceTitle "EXT 2021"]
[Source "ChessBase"]
[SourceDate "2020.10.23"]
[SourceVersion "1"]
[SourceVersionDate "2020.10.23"]
[SourceQuality "1"]
[WhiteTeam "Kisber Aszar"]
[BlackTeam "Nyergesujfalu"]
[WhiteTeamCountry "HUN"]
[BlackTeamCountry "HUN"]

1. e4 e5 2. Nf3 Nf6 3. Nxe5 d6 4. Nf3 Nxe4 5. d4 Be7 6. Bd3 f5 7. c4 c6 8. 0-0 Nd7 9. Re1 Ndf6 10. Nc3 Be6 11. Ng5 Nxg5 12. Bxg5 Kf7 13. Qb3 Qb6 14. d5 Bd7 15. Qc2 g6 16. b4 Rhe8 17. c5 Qxb4 18. Rab1 Qg4 19. f4 Bf8 20. Be2 Rxe2 21. Rxe2 Rb8 22. dxc6 Bxc6 23. h3 Qh5 24. Qb3+ d5 25. Bxf6 Kxf6 26. Rbe1 Bxc5+ 27. Kh2 Rd8 28. Re6+ Kg7 29. Ne2 Bb6 30. Qb2+ d4 31. Re7+ Kh6 32. Ng3 Qh4 33. Nxf5+ 1-0

[Event "HUN-chT2 Breyer 1516"]
[Site "Hungary"]
[Date "2016.02.14"]
[Round "7.3"]
[White "Tomosvary, Attila"]
[Black "Sebestyen, Gabor"]
[Result "1-0"]
[WhiteElo "2134"]
[BlackElo "2226"]
[PlyCount "138"]
[EventDate "2015.09.13"]
[EventType "team-tourn"]
[EventRounds "11"]
[EventCountry "HUN"]
[SourceTitle "EXT 2017"]
[Source "ChessBase"]
[SourceDate "2016.10.25"]
[SourceVersion "1"]
[SourceVersionDate "2016.10.25"]
[SourceQuality "1"]
[WhiteTeam "Vizugy"]
[BlackTeam "Kisber Aszar"]
[WhiteTeamCountry "HUN"]
[BlackTeamCountry "HUN"]

1. e4 e5 2. Nf3 Nc6 3. d4 exd4 4. Bc4 Nf6 5. e5 d5 6. Bb5 Ne4 7. Nxd4 Bd7 8. Bxc6 bxc6 9. 0-0 Bc5 10. f3 Ng5 11. f4 Ne4 12. Be3 Qb8 13. Nc3 Nxc3 14. bxc3 0-0 15. Qd3 f6 16. Rae1 fxe5 17. fxe5 Rxf1+ 18. Rxf1 Qe8 19. e6 Bxd4 20. Bxd4 Bxe6 21. Qg3 Qd7 22. Re1 Bf5 23. Re5 Rf8 24. Bxa7 Bxc2 25. Bd4 Qf7 26. Re1 Be4 27. a4 Qg6 28. Qxg6 hxg6 29. a5 Ra8 30. Ra1 Bd3 31. Kf2 Kf7 32. Ke3 Bb5 33. Be5 Ra7 34. Kd4 Ke6 35. Bxg7 Kd7 36. Ke5 Ra6 37. h4 Bc4 38. g4 Be2 39. Kf4 c5 40. Kg5 Bd3 41. h5 gxh5 42. gxh5 Kc6 43. Be5 Ra7 44. h6 Kb5 45. Rd1 Be4 46. Re1 Bh7 47. Bf6 Kxa5 48. Re7 Bc2 49. Rd7 Be4 50. Bd8 Ra8 51. Bxc7+ Kb5 52. Be5 Re8 53. Kf6 Rh8 54. Kg5 Rh7 55. Bg7 Kc4 56. Kf4 Bg2 57. Ke3 Rxh6 58. Bxh6 Kxc3 59. Kf2 Be4 60. Rc7 c4 61. Ke3 Kc2 62. Bg7 Kb3 63. Rb7+ Ka4 64. Rb8 Bg2 65. Bc3 Be4 66. Kd4 Bf3 67. Rb4+ Ka3 68. Bd2 Be4 69. Kc3 Bf3 1-0

[Event "HUN-chT2 Breyer 1516"]
[Site "Hungary"]
[Date "2015.11.29"]
[Round "5.2"]
[White "Sebestyen, Gabor"]
[Black "Gara Tornoczi, Peter"]
[Result "0-1"]
[WhiteElo "2226"]
[BlackElo "2207"]
[PlyCount "60"]
[EventDate "2015.09.13"]
[EventType "team-tourn"]
[EventRounds "11"]
[EventCountry "HUN"]
[SourceTitle "CBM 170 Extra"]
[Source "ChessBase"]
[SourceDate "2016.02.25"]
[SourceVersion "1"]
[SourceVersionDate "2016.02.25"]
[SourceQuality "1"]
[WhiteTeam "Kisber Aszar"]
[BlackTeam "Sarkany DSE"]
[WhiteTeamCountry "HUN"]
[BlackTeamCountry "HUN"]

1. e4 e6 2. d4 d5 3. Nc3 Bb4 4. e5 c5 5. a3 Bxc3+ 6. bxc3 Ne7 7. Qg4 Qc7 8. Qxg7 Rg8 9. Qxh7 cxd4 10. Ne2 Nbc6 11. f4 dxc3 12. Qd3 d4 13. Ng3 Bd7 14. Ne4 0-0-0 15. Nd6+ Kb8 16. Rb1 Bc8 17. Nxf7 Rdf8 18. Nd6 Nf5 19. Nxf5 Rxf5 20. g3 b6 21. Bg2 Bb7 22. 0-0 Rh5 23. a4 Qg7 24. Be4 Rxh2 25. Ba3 Rd2 26. Bd6+ Kc8 27. Qf3 Qh6 28. Rf2 Qh3 29. Qh1 Qxg3+ 30. Rg2 Rxg2+ 0-1

[Event "HUN-chT2 Szechenyi 1415"]
[Site "Hungary"]
[Date "2015.02.08"]
[Round "8.4"]
[White "Magyar, Andras"]
[Black "Sebestyen, Gabor"]
[Result "1-0"]
[WhiteElo "2244"]
[BlackElo "2225"]
[PlyCount "99"]
[EventDate "2014.09.07"]
[EventType "team-tourn"]
[EventRounds "11"]
[EventCountry "HUN"]
[SourceTitle "EXT 2016"]
[Source "ChessBase"]
[SourceDate "2015.10.08"]
[SourceVersion "1"]
[SourceVersionDate "2015.10.08"]
[SourceQuality "1"]
[WhiteTeam "HVSE Infraplan"]
[BlackTeam "Kisber Aszar"]
[WhiteTeamCountry "HUN"]
[BlackTeamCountry "HUN"]

1. e4 e5 2. Nf3 Nc6 3. Bb5 a6 4. Ba4 Nf6 5. d3 d6 6. c3 Be7 7. 0-0 0-0 8. Nbd2 b5 9. Bc2 Bb7 10. d4 exd4 11. cxd4 Re8 12. Re1 Nb4 13. Bb1 c5 14. d5 a5 15. a3 Na6 16. b3 Nd7 17. Bd3 Bf6 18. Rb1 Nc7 19. Nf1 Ba6 20. Qc2 g6 21. Bd2 Bb7 22. Ne3 Ne5 23. Nxe5 Bxe5 24. h3 Bc8 25. Bc3 Qf6 26. Bxe5 Qxe5 27. Nf1 Bd7 28. Nd2 a4 29. b4 c4 30. Bf1 Qf4 31. g3 Qh6 32. h4 Re7 33. Bg2 Rae8 34. Nf3 Nxd5 35. exd5 Bf5 36. Rxe7 Rxe7 37. Qc1 Qg7 38. Ra1 Re2 39. Bf1 Rc2 40. Qe1 Qf6 41. Rc1 Be4 42. Ng5 Rxc1 43. Qxc1 Bxd5 44. Qd1 Qe5 45. Bg2 Bxg2 46. Kxg2 c3 47. Qd3 Qe1 48. Ne4 d5 49. Nxc3 d4 50. Nxb5 1-0

[Event "HUN-chT2 Breyer 1314"]
[Site "Hungary"]
[Date "2014.04.27"]
[Round "9.4"]
[White "Sebestyen, Gabor"]
[Black "Ikanov, Imre"]
[Result "0-1"]
[WhiteElo "2248"]
[BlackElo "2001"]
[PlyCount "96"]
[EventDate "2013.09.08"]
[EventType "team-tourn"]
[EventRounds "9"]
[EventCountry "HUN"]
[SourceTitle "EXT 2016"]
[Source "ChessBase"]
[SourceDate "2015.10.08"]
[SourceVersion "1"]
[SourceVersionDate "2015.10.08"]
[SourceQuality "1"]
[WhiteTeam "Kisber Aszar"]
[BlackTeam "Zoltek"]
[WhiteTeamCountry "HUN"]
[BlackTeamCountry "HUN"]

1. e4 c5 2. Nf3 Nf6 3. Nc3 Nc6 4. Bb5 Nd4 5. Bc4 d6 6. h3 e6 7. d3 Nc6 8. 0-0 Be7 9. d4 Nxe4 10. Nxe4 d5 11. Bb5 dxe4 12. Ne5 Bd7 13. Nxd7 Qxd7 14. Qg4 Qxd4 15. Rd1 Qe5 16. Bd2 f5 17. Qh5+ g6 18. Qh6 Qxb2 19. Rab1 Qf6 20. Bc1 g5 21. Qh5+ Qg6 22. Qe2 0-0 23. Ba4 Nd4 24. Qc4 Rfd8 25. Ba3 a6 26. c3 b5 27. Qf1 Nc6 28. Bc2 c4 29. Bxe7 Nxe7 30. a4 Nd5 31. axb5 Nxc3 32. Rxd8+ Rxd8 33. Ra1 axb5 34. Qe1 Qf6 35. Ra7 Qd4 36. Qa1 Ne2+ 37. Kf1 Qxa1+ 38. Rxa1 Nd4 39. Bd1 b4 40. Rc1 c3 41. Ke1 Kg7 42. f3 exf3 43. gxf3 Kf6 44. Kf2 h5 45. Ba4 f4 46. Rd1 e5 47. Rb1 Rb8 48. Rc1 Rc8 0-1

[Event "HUN-chT2 Breyer 1213"]
[Site "Hungary"]
[Date "2013.04.07"]
[Round "10.5"]
[White "Sebestyen, Gabor"]
[Black "Rosta, Sandor"]
[Result "1-0"]
[WhiteElo "2236"]
[BlackElo "2132"]
[PlyCount "75"]
[EventDate "2012.09.16"]
[EventType "team-tourn"]
[EventRounds "11"]
[EventCountry "HUN"]
[SourceTitle "EXT 2014"]
[Source "ChessBase"]
[SourceDate "2013.11.20"]
[SourceVersion "1"]
[SourceVersionDate "2013.11.20"]
[SourceQuality "1"]
[WhiteTeam "Kisber Aszar"]
[BlackTeam "Szazhalombatta"]
[WhiteTeamCountry "HUN"]
[BlackTeamCountry "HUN"]

1. e4 c5 2. Nf3 Nc6 3. d4 cxd4 4. Nxd4 Nf6 5. Nc3 e5 6. Ndb5 d6 7. Bg5 a6 8. Bxf6 gxf6 9. Na3 b5 10. Nd5 f5 11. Bd3 Be6 12. c3 Bg7 13. 0-0 0-0 14. Qh5 Bxd5 15. exd5 Ne7 16. Bxf5 h6 17. Rfd1 Nxf5 18. Qxf5 Qg5 19. Qxg5 hxg5 20. Nc2 f5 21. a4 Kf7 22. axb5 axb5 23. f3 f4 24. h3 Ke7 25. Kf2 Kd7 26. Ke2 Kc7 27. Kd3 Kb6 28. Ke4 Bf6 29. Rxa8 Rxa8 30. Ra1 Rxa1 31. Nxa1 Ka5 32. b3 Kb6 33. Nc2 Kc5 34. Nb4 Bd8 35. Nd3+ Kb6 36. Kf5 Kb7 37. Ke6 Bc7 38. Nf2 1-0

[Event "HUN-chT2 Charousek 1112"]
[Site "Hungary"]
[Date "2012.03.25"]
[Round "8"]
[White "Sebestyen, Gabor"]
[Black "Dankhazi, Andras"]
[Result "1-0"]
[WhiteElo "2246"]
[BlackElo "2085"]
[PlyCount "67"]
[EventDate "2011.09.25"]
[EventType "team-tourn"]
[EventRounds "11"]
[EventCountry "HUN"]
[SourceTitle "EXT 2013"]
[Source "ChessBase"]
[SourceDate "2012.11.22"]
[SourceVersion "1"]
[SourceVersionDate "2012.11.22"]
[SourceQuality "1"]
[WhiteTeam "Kisber Aszar"]
[BlackTeam "Paks II"]
[WhiteTeamCountry "HUN"]
[BlackTeamCountry "HUN"]

1. e4 e5 2. Nf3 Nc6 3. Bb5 a6 4. Ba4 Nf6 5. 0-0 Be7 6. Re1 b5 7. Bb3 0-0 8. d4 Nxd4 9. Bxf7+ Rxf7 10. Nxe5 Rf8 11. Qxd4 c5 12. Qd3 Bb7 13. Nc3 b4 14. Nd5 Nxd5 15. exd5 Bd6 16. Nf3 Qf6 17. c4 bxc3 18. bxc3 c4 19. Qxc4 Rfc8 20. Qb3 Rab8 21. Bg5 Qxc3 22. Re8+ Kf7 23. Qxc3 Rxc3 24. Rxb8 Bxb8 25. Rb1 Bxh2+ 26. Kxh2 Bxd5 27. Be3 Bxa2 28. Rb6 h6 29. Rxa6 Be6 30. Ne5+ Ke7 31. Bd2 Rc2 32. Bb4+ Kd8 33. Bd6 Kc8 34. Rb6 1-0

[Event "HUN-chT2 Charousek 1011"]
[Site "Hungary"]
[Date "2010.10.10"]
[Round "3"]
[White "Sebestyen, Gabor"]
[Black "Balazs, Imre"]
[Result "1-0"]
[WhiteElo "2231"]
[BlackElo "2097"]
[PlyCount "101"]
[EventDate "2010.09.12"]
[EventType "team-tourn"]
[EventRounds "11"]
[EventCountry "HUN"]
[SourceTitle "EXT 2012"]
[Source "ChessBase"]
[SourceDate "2011.11.24"]
[SourceVersion "1"]
[SourceVersionDate "2011.11.24"]
[SourceQuality "1"]
[WhiteTeam "Kisber Aszar"]
[BlackTeam "Decs II"]
[WhiteTeamCountry "HUN"]
[BlackTeamCountry "HUN"]

1. e4 e5 2. Nf3 Nc6 3. Bb5 a6 4. Ba4 Nf6 5. 0-0 b5 6. Bb3 Be7 7. Re1 0-0 8. d4 d6 9. c3 Bg4 10. Be3 Re8 11. Nbd2 h6 12. Nf1 Bf8 13. Ng3 Na5 14. Bc2 Nc4 15. Bc1 c5 16. b3 Nb6 17. Be3 Qc7 18. Rc1 Rad8 19. h3 Bc8 20. Bb1 c4 21. Qe2 Nbd7 22. d5 g6 23. bxc4 bxc4 24. Nd2 Bb7 25. Qxc4 Rc8 26. Qxc7 Rxc7 27. c4 Rec8 28. Bd3 Nc5 29. Bc2 Nfd7 30. Rb1 Kh7 31. f3 Be7 32. Ne2 Bg5 33. Kf2 Bxe3+ 34. Kxe3 Kg7 35. Nc3 Rf8 36. Ba4 Nf6 37. Rb6 Rd8 38. g4 Kf8 39. Reb1 Ke7 40. Bc6 Bc8 41. Na4 Nfd7 42. R6b2 Nxa4 43. Bxa4 Nc5 44. Bc6 Bd7 45. Bxd7 Rdxd7 46. Rb6 Ra7 47. Rb8 Kf6 48. h4 Kg7 49. Nb3 Na4 50. Kd3 Kf6 51. Rb4 1-0

[Event "HUN-chT2 Charousek 1011"]
[Site "Hungary"]
[Date "2010.09.12"]
[Round "1"]
[White "Bednay, Dezso"]
[Black "Sebestyen, Gabor"]
[Result "0-1"]
[WhiteElo "2304"]
[BlackElo "2231"]
[PlyCount "80"]
[EventDate "2010.09.12"]
[EventType "team-tourn"]
[EventRounds "11"]
[EventCountry "HUN"]
[SourceTitle "EXT 2012"]
[Source "ChessBase"]
[SourceDate "2011.11.24"]
[SourceVersion "1"]
[SourceVersionDate "2011.11.24"]
[SourceQuality "1"]
[WhiteTeam "BEAC"]
[BlackTeam "Kisber Aszar"]
[WhiteTeamCountry "HUN"]
[BlackTeamCountry "HUN"]

1. e4 e5 2. Nc3 Nf6 3. Bc4 Nxe4 4. Qh5 Nd6 5. Bb3 Be7 6. Nf3 Nc6 7. Nxe5 g6 8. Nxc6 dxc6 9. Qf3 0-0 10. d3 Nf5 11. 0-0 Nd4 12. Qe3 Re8 13. Re1 Be6 14. Bxe6 Nxc2 15. Bxf7+ Kxf7 16. Qe6+ Kg7 17. Be3 Bg5 18. Qc4 Bxe3 19. fxe3 Nxa1 20. Rxa1 Qg5 21. Re1 Rad8 22. Ne4 Qd5 23. Qc3+ Qe5 24. Qb3 b6 25. h4 h6 26. Re2 c5 27. Qc4 Rf8 28. Nf2 Rd4 29. Qc3 Rd5 30. Qc4 Rd6 31. Ng4 Qd5 32. Qc3+ Kh7 33. Rf2 Rxf2 34. Kxf2 Qf5+ 35. Kg3 Rxd3 36. Qc4 Rd6 37. e4 Qe6 38. Qf1 h5 39. Nh2 Qe5+ 40. Kh3 Kg7 0-1

[Event "HUN-chT2 Breyer 0910"]
[Site "Hungary"]
[Date "2010.05.02"]
[Round "11"]
[White "Sebestyen, Gabor"]
[Black "Ngo Tan, Don"]
[Result "1-0"]
[WhiteElo "2202"]
[BlackElo "1928"]
[PlyCount "61"]
[EventDate "2009.11.08"]
[EventType "team-tourn"]
[EventRounds "11"]
[EventCountry "HUN"]
[SourceTitle "EXT 2011"]
[Source "ChessBase"]
[SourceDate "2010.11.26"]
[SourceVersion "1"]
[SourceVersionDate "2010.11.26"]
[SourceQuality "1"]
[WhiteTeam "Kisber Aszar"]
[BlackTeam "BEAC II"]
[WhiteTeamCountry "HUN"]
[BlackTeamCountry "HUN"]

1. e4 c5 2. Nf3 g6 3. d4 cxd4 4. Nxd4 Nc6 5. Nc3 Bg7 6. Be3 Nf6 7. Bc4 0-0 8. Bb3 a5 9. a4 d5 10. exd5 Nb4 11. Ndb5 Bf5 12. 0-0 Ne4 13. g4 Nxc3 14. bxc3 Bd7 15. cxb4 Bxa1 16. Qxa1 axb4 17. Bh6 f6 18. Bxf8 Bxb5 19. Bxe7 Qc8 20. d6+ Bc4 21. d7 Qc6 22. Qxf6 Qe4 23. h3 Bd5 24. Bxd5+ Qxd5 25. d8Q+ Rxd8 26. Bxd8 b3 27. cxb3 Qxb3 28. Re1 Qf7 29. Qxf7+ Kxf7 30. Re7+ Kg8 31. Rxb7 1-0

[Event "HUN-chT2 Breyer 0910"]
[Site "Hungary"]
[Date "2010.04.11"]
[Round "9"]
[White "Sebestyen, Gabor"]
[Black "Szemeti, Arpad"]
[Result "1-0"]
[WhiteElo "2202"]
[BlackElo "2162"]
[PlyCount "73"]
[EventDate "2009.11.08"]
[EventType "team-tourn"]
[EventRounds "11"]
[EventCountry "HUN"]
[SourceTitle "EXT 2011"]
[Source "ChessBase"]
[SourceDate "2010.11.26"]
[SourceVersion "1"]
[SourceVersionDate "2010.11.26"]
[SourceQuality "1"]
[WhiteTeam "Kisber Aszar"]
[BlackTeam "Geniusz Tata"]
[WhiteTeamCountry "HUN"]
[BlackTeamCountry "HUN"]

1. e4 d6 2. d4 Nf6 3. Nc3 g6 4. f3 Nbd7 5. Be3 Bg7 6. Qd2 b6 7. Bc4 c5 8. Nge2 Bb7 9. 0-0-0 a6 10. dxc5 Nxc5 11. e5 dxe5 12. Qxd8+ Rxd8 13. Rxd8+ Kxd8 14. Bxf7 e4 15. Rd1+ Kc7 16. Bf4+ Kc8 17. Na4 Nfd7 18. Nxc5 Nxc5 19. fxe4 Bxe4 20. Bd5 Bxd5 21. Rxd5 Rf8 22. g3 e6 23. Rd1 Na4 24. c3 Nc5 25. Kc2 e5 26. Be3 Nd7 27. Kd3 Kc7 28. Ng1 b5 29. Ke2 Kc6 30. Nf3 h6 31. g4 g5 32. h4 gxh4 33. Nxh4 Rf7 34. Nf5 Bf8 35. Nxh6 Bxh6 36. Bxh6 Nc5 37. Rf1 1-0

[Event "HUN-chT2 Breyer 0910"]
[Site "Hungary"]
[Date "2010.03.21"]
[Round "8"]
[White "Bitto, Zoltan"]
[Black "Sebestyen, Gabor"]
[Result "1-0"]
[WhiteElo "1987"]
[BlackElo "2202"]
[PlyCount "53"]
[EventDate "2009.11.08"]
[EventType "team-tourn"]
[EventRounds "11"]
[EventCountry "HUN"]
[SourceTitle "EXT 2011"]
[Source "ChessBase"]
[SourceDate "2010.11.26"]
[SourceVersion "1"]
[SourceVersionDate "2010.11.26"]
[SourceQuality "1"]
[WhiteTeam "Zsambek"]
[BlackTeam "Kisber Aszar"]
[WhiteTeamCountry "HUN"]
[BlackTeamCountry "HUN"]

1. d4 Nf6 2. c4 g6 3. Nc3 d5 4. cxd5 Nxd5 5. e4 Nxc3 6. bxc3 Bg7 7. Bc4 c5 8. Ne2 Nc6 9. Be3 0-0 10. 0-0 Qc7 11. Rc1 Rd8 12. Qd2 a6 13. Bh6 Bh8 14. Rfd1 b5 15. Bd5 Bb7 16. Nf4 Qd7 17. Nd3 c4 18. Nc5 Qc8 19. Bg5 Re8 20. e5 Na5 21. Nxb7 Nxb7 22. Qf4 e6 23. Be4 Rb8 24. Re1 Nd8 25. Bf6 Qc7 26. Qh6 Nc6 27. Re3 1-0

[Event "HUN-chT2 Breyer 0910"]
[Site "Hungary"]
[Date "2010.01.31"]
[Round "5"]
[White "Sebestyen, Gabor"]
[Black "Balazs, Andras"]
[Result "1-0"]
[WhiteElo "2202"]
[BlackElo "2016"]
[PlyCount "123"]
[EventDate "2009.11.08"]
[EventType "team-tourn"]
[EventRounds "11"]
[EventCountry "HUN"]
[SourceTitle "EXT 2011"]
[Source "ChessBase"]
[SourceDate "2010.11.26"]
[SourceVersion "1"]
[SourceVersionDate "2010.11.26"]
[SourceQuality "1"]
[WhiteTeam "Kisber Aszar"]
[BlackTeam "Zoltek"]
[WhiteTeamCountry "HUN"]
[BlackTeamCountry "HUN"]

1. e4 c5 2. Nf3 d6 3. d4 cxd4 4. Nxd4 Nf6 5. Nc3 e6 6. Be3 a6 7. f3 Be7 8. Qd2 Qc7 9. 0-0-0 Nc6 10. Kb1 Nd7 11. g4 Nxd4 12. Bxd4 Ne5 13. Qf2 b5 14. f4 Nxg4 15. Qg3 Nf6 16. e5 Bb7 17. exf6 Bxh1 18. fxe7 Qxe7 19. Qxg7 Rf8 20. Bf6 Qb7 21. Qxh7 b4 22. Ne2 Be4 23. Qh3 Rc8 24. Nd4 Qc7 25. Qb3 Rg8 26. Bxa6 Rb8 27. Bd3 Bxd3 28. Qxd3 Rg6 29. Nxe6 Qc6 30. Re1 Kd7 31. Nd4 Re8 32. Qf5+ Kc7 33. Rd1 Qc5 34. Qxc5+ dxc5 35. Nb5+ Kb6 36. Nd6 Re2 37. Be5 f6 38. f5 Rgg2 39. Bxf6 Kc6 40. Nc4 Rgf2 41. Rd6+ Kb7 42. a3 Rxc2 43. Na5+ Ka7 44. axb4 cxb4 45. Bd4+ Kb8 46. Bxf2 Rxf2 47. f6 Kc7 48. Rc6+ Kd7 49. Rb6 Ke8 50. Ka2 Rxh2 51. Rxb4 Rf2 52. Rb6 Kd8 53. Ka3 Kc8 54. b4 Rf1 55. Ka4 Rf5 56. Nc4 Rf4 57. Rc6+ Kb7 58. b5 Ka7 59. Kb4 Kb7 60. Ka5 Rf1 61. Nd6+ Ka7 62. b6+ 1-0

[Event "HUN-chT2 Breyer 0910"]
[Site "Hungary"]
[Date "2009.12.20"]
[Round "4"]
[White "Sebestyen, Gabor"]
[Black "Molnar, Laszlo"]
[Result "1/2-1/2"]
[WhiteElo "2202"]
[BlackElo "2247"]
[PlyCount "84"]
[EventDate "2009.11.08"]
[EventType "team-tourn"]
[EventRounds "11"]
[EventCountry "HUN"]
[SourceTitle "EXT 2011"]
[Source "ChessBase"]
[SourceDate "2010.11.26"]
[SourceVersion "1"]
[SourceVersionDate "2010.11.26"]
[SourceQuality "1"]
[WhiteTeam "Kisber Aszar"]
[BlackTeam "Biatorbagy"]
[WhiteTeamCountry "HUN"]
[BlackTeamCountry "HUN"]

1. e4 d6 2. d4 Nf6 3. Nc3 g6 4. Be3 c6 5. f3 b5 6. g4 h5 7. g5 Nfd7 8. Qd2 Nb6 9. Bd3 Nc4 10. Bxc4 bxc4 11. 0-0-0 d5 12. Bf4 e6 13. Be5 Rg8 14. Bf6 Qa5 15. Kb1 Bb4 16. a3 Bxc3 17. Qxc3 Qxc3 18. bxc3 Nd7 19. Ne2 Nxf6 20. gxf6 Rb8+ 21. Ka2 Kd7 22. Rb1 Rxb1 23. Rxb1 Kc7 24. Rg1 Bd7 25. Nf4 Rf8 26. Kb2 Kc8 27. Kc1 Be8 28. Kd2 Rh8 29. Ke3 Kc7 30. Nh3 Bd7 31. Ng5 Be8 32. Kf4 Rf8 33. Ke5 a5 34. Nh3 Bd7 35. Nf4 Be8 36. Ng2 Bd7 37. Ne3 Rb8 38. Kf4 Kd6 39. Kg5 e5 40. f4 exd4 41. cxd4 dxe4 42. Nxc4+ Kd5 1/2-1/2

[Event "HUN-chT2 Breyer 0809"]
[Site "Hungary"]
[Date "2009.04.05"]
[Round "10"]
[White "Vass, Lajos"]
[Black "Sebestyen, Gabor"]
[Result "0-1"]
[WhiteElo "2159"]
[BlackElo "2202"]
[PlyCount "96"]
[EventDate "2008.10.26"]
[EventType "team-tourn"]
[EventRounds "11"]
[EventCountry "HUN"]
[SourceTitle "EXT 2010"]
[Source "ChessBase"]
[SourceDate "2010.11.25"]
[SourceVersion "1"]
[SourceVersionDate "2010.11.25"]
[SourceQuality "1"]
[WhiteTeam "BEAC II"]
[BlackTeam "Kisber Aszar"]
[WhiteTeamCountry "HUN"]
[BlackTeamCountry "HUN"]

1. e4 e5 2. Nf3 Nc6 3. Bb5 a6 4. Bxc6 dxc6 5. 0-0 f6 6. d4 exd4 7. Nxd4 c5 8. Nb3 Qxd1 9. Rxd1 Bg4 10. f3 Bd7 11. Nc3 0-0-0 12. Be3 b6 13. a4 Ne7 14. a5 c4 15. Nd4 b5 16. Nde2 Nc6 17. Nd5 Be6 18. Rd2 Bd6 19. f4 Rhe8 20. Kf2 Bf7 21. Ng3 Bf8 22. c3 Bxd5 23. exd5 Nb8 24. Kf3 Nd7 25. Ne4 f5 26. Ng5 Nf6 27. Rad1 Ne4 28. Nxe4 Rxe4 29. Bd4 Rxd5 30. Be5 Rxd2 31. Rxd2 Bc5 32. Bxg7 Re3+ 33. Kf2 Rxc3+ 34. Ke2 Re3+ 35. Kd1 Bb4 36. Re2 Rxe2 37. Kxe2 Bxa5 38. Bh6 Kd7 39. h3 Ke6 40. g4 Bb6 41. Bg7 Bc5 42. Bc3 b4 43. Bd2 a5 44. Bc1 Bd4 45. Kd2 c3+ 46. bxc3 Bxc3+ 47. Kc2 a4 48. Be3 Kd5 0-1

[Event "HUN-chT2 Breyer 0809"]
[Site "Hungary"]
[Date "2008.10.26"]
[Round "1"]
[White "Sebestyen, Gabor"]
[Black "Nemeth, Sandor"]
[Result "1/2-1/2"]
[WhiteElo "2202"]
[BlackElo "2046"]
[PlyCount "22"]
[EventDate "2008.10.26"]
[EventType "team-tourn"]
[EventRounds "11"]
[EventCountry "HUN"]
[SourceTitle "EXT 2010"]
[Source "ChessBase"]
[SourceDate "2010.11.25"]
[SourceVersion "1"]
[SourceVersionDate "2010.11.25"]
[SourceQuality "1"]
[WhiteTeam "Kisber Aszar"]
[BlackTeam "Vertesi Eromu"]
[WhiteTeamCountry "HUN"]
[BlackTeamCountry "HUN"]

1. e4 d6 2. d4 Nf6 3. Nc3 Nbd7 4. Be3 e5 5. d5 Be7 6. f3 0-0 7. Qd2 c5 8. dxc6 bxc6 9. Bc4 a5 10. Nge2 Nb6 11. Bb3 Ba6 1/2-1/2

[Event "HUN-chT2 Breyer 0708"]
[Site "Hungary"]
[Date "2008.04.27"]
[Round "10"]
[White "Forgacs, Attila"]
[Black "Sebestyen, Gabor"]
[Result "1-0"]
[WhiteElo "2192"]
[BlackElo "2187"]
[PlyCount "63"]
[EventDate "2007.10.14"]
[EventType "team"]
[EventRounds "11"]
[EventCountry "HUN"]
[SourceTitle "EXT 2009"]
[Source "ChessBase"]
[SourceDate "2008.11.26"]
[SourceVersion "1"]
[SourceVersionDate "2008.11.26"]
[SourceQuality "1"]
[WhiteTeam "Balatonfuered"]
[BlackTeam "Kisber Aszar"]
[WhiteTeamCountry "HUN"]
[BlackTeamCountry "HUN"]

1. e4 e5 2. Nf3 Nc6 3. Bb5 a6 4. Ba4 Nf6 5. 0-0 Be7 6. Re1 b5 7. Bb3 0-0 8. h3 d6 9. c3 Na5 10. Bc2 c5 11. d4 Qc7 12. Nbd2 cxd4 13. cxd4 Nc6 14. Nf1 exd4 15. Bg5 Qb6 16. e5 dxe5 17. Nxe5 Nxe5 18. Rxe5 Be6 19. Qd3 Rfd8 20. Rae1 h6 21. Bxf6 Bxf6 22. Qh7+ Kf8 23. Ng3 Ke7 24. Nf5+ Kd7 25. Rxe6 fxe6 26. Nxg7 Rh8 27. Qg6 e5 28. Bf5+ Ke7 29. Rxe5+ Bxe5 30. Qxb6 Bxg7 31. Qe6+ Kf8 32. Bg6 1-0

[Event "HUN-chT2 Breyer 0708"]
[Site "Hungary"]
[Date "2008.02.17"]
[Round "6"]
[White "Sebestyen, Gabor"]
[Black "Jamrich, Gyorgy"]
[Result "0-1"]
[WhiteElo "2187"]
[BlackElo "2275"]
[PlyCount "88"]
[EventDate "2007.10.14"]
[EventType "team"]
[EventRounds "11"]
[EventCountry "HUN"]
[SourceTitle "EXT 2009"]
[Source "ChessBase"]
[SourceDate "2008.11.26"]
[SourceVersion "1"]
[SourceVersionDate "2008.11.26"]
[SourceQuality "1"]
[WhiteTeam "Kisber Aszar"]
[BlackTeam "Geniusz Tata"]
[WhiteTeamCountry "HUN"]
[BlackTeamCountry "HUN"]

1. e4 c5 2. Nf3 d6 3. d4 cxd4 4. Nxd4 Nf6 5. Nc3 a6 6. Be3 e5 7. Nb3 Be6 8. f3 Be7 9. Qd2 Nbd7 10. g4 b5 11. g5 Nh5 12. 0-0-0 0-0 13. Rg1 Nb6 14. Nd5 Nxd5 15. exd5 Bd7 16. Na5 Qc7 17. Bd3 Rab8 18. Be4 f5 19. gxf6 Nxf6 20. Bh6 Rf7 21. Kb1 Nxe4 22. fxe4 Kh8 23. Be3 b4 24. Nb3 a5 25. Nc1 a4 26. Nd3 Qc4 27. Nf2 Bh4 28. Qd3 Rc8 29. Rdf1 Qc7 30. Nd1 Rxf1 31. Rxf1 Bb5 32. Rf8+ Rxf8 33. Qxb5 Rc8 34. Qxa4 Qc4 35. Bc1 Qxe4 36. a3 Qxd5 37. Ne3 Qb7 38. Nc4 Be7 39. axb4 h6 40. h4 Rxc4 41. Qe8+ Kh7 42. h5 Qe4 43. Qxe7 Qxc2+ 44. Ka2 Rxb4 0-1